| 000 | 00649nam a2200217 a 4500 | ||
|---|---|---|---|
| 001 | 976 | ||
| 003 | BR-CuiBMT | ||
| 005 | 20231128215201.0 | ||
| 008 | 231124s2001 mtda 000 0 por d | ||
| 020 | _a8587226061 | ||
| 040 |
_aBR-CuiBMT _cBR-CuiBMT |
||
| 080 |
_22007 _a336.02 _x(817.2) |
||
| 090 |
_a336.02(817.2) _bA326d |
||
| 100 | 1 | _aAlbano, Valter | |
| 245 | 1 | 0 |
_aDo caos ao equilíbrio fiscal : _buma difícil travessia / _cValter Albano. |
| 260 |
_aCuiabá : _bEntrelinhas, _c2001. |
||
| 300 |
_a144 p. : _bil. ; _c23 cm |
||
| 650 |
_aAdministração tributária _zMato Grosso |
||
| 650 |
_aPolítica tributária _zMato Grosso |
||
| 942 |
_2udc _cLV |
||
| 999 |
_c976 _d976 |
||